Grecia primitiva: la edad de bronce y la era arcaica
Gespeichert in:
| 1. Verfasser: | |
|---|---|
| Format: | Buch |
| Sprache: | Spanisch |
| Veröffentlicht: |
Buenos Aires, Argentina
EUDEBA
1981
|
| Ausgabe: | Segunda edición |
| Schriftenreihe: | Lectores de Eudeba,
123 |
| Schlagworte: | |
| Tags: |
Tag hinzufügen
Keine Tags, Fügen Sie den ersten Tag hinzu!
|
MARC
| LEADER | 00000nam a2200000 a 4500 | ||
|---|---|---|---|
| 001 | UCP9696 | ||
| 003 | CL-VaPUC | ||
| 005 | 20250318085331.0 | ||
| 008 | 000331e19810000AG |||||||||||||||||spa|d | ||
| 999 | |c 286484 |d 286482 | ||
| 040 | |c Pontificia Universidad Católica de Valparaíso | ||
| 082 | 0 | 4 | |a 938.01 FIN 1981 |2 21 |
| 100 | 0 | |a Finley, Moses I |e author |9 440444 | |
| 245 | 1 | 0 | |a Grecia primitiva: |b la edad de bronce y la era arcaica |
| 250 | |a Segunda edición | ||
| 260 | |a Buenos Aires, Argentina |b EUDEBA |c 1981 | ||
| 300 | |a 222 páginas | ||
| 490 | 0 | |a Lectores de Eudeba, |v 123 | |
| 583 | |a last modification |c 20000331 00:00:00 |k Rodrigo Vera | ||
| 650 | 0 | |a Historia antigua |9 267521 | |
| 650 | 7 | |a ORIGENES |2 CL-VaPUC |9 367418 | |
| 650 | 7 | |a EDAD DE BRONCE |2 CL-VaPUC |9 440445 | |
| 650 | 7 | |a CIVILIZACION MICENICA |2 CL-VaPUC |9 389589 | |
| 650 | 0 | |a Grecia arcaica |9 440446 | |
| 651 | 0 | |a Chipre |9 381833 | |
| 651 | 7 | |a CRETA |2 CL-VaPUC |9 266769 | |
| 651 | 7 | |a CICLADAS |2 CL-VaPUC |9 440447 | |
| 651 | 0 | |a Grecia |9 265314 | |
| 651 | 7 | |a ATENAS |2 CL-VaPUC |9 323854 | |
| 651 | 0 | |a Esparta |9 334568 | |
| 942 | |c BK |2 ddc | ||
| 945 | |d 20000331 00:00:00 |a rherrera | ||
| 952 | |0 0 |1 0 |4 0 |6 938_010000000000000_FIN_1981 |7 0 |8 A |9 332446 |a BIBHIS |b BIBHIS |d 2019-11-20 |i 1260804 |l 1 |o 938.01 FIN 1981 |p 1260804 |r 2025-01-20 |s 2022-03-21 |w 2019-11-20 |y BK |k HIS | ||
| 952 | |0 0 |1 0 |4 0 |6 938_010000000000000_FIN_1981 |7 0 |8 A |9 332447 |a BIBHIS |b BIBHIS |d 2019-11-20 |i 1260812 |o 938.01 FIN 1981 |p 1260812 |r 2025-01-20 |w 2019-11-20 |y BK |k HIS | ||
| 952 | |0 0 |1 0 |4 0 |6 938_010000000000000_FIN_1981 |7 0 |8 A |9 332448 |a BIBHIS |b BIBHIS |d 2019-11-20 |i 1260820 |o 938.01 FIN 1981 |p 1260820 |r 2025-01-20 |w 2019-11-20 |y BK |k HIS | ||